| 000 | 02013 a2200277 4500 | ||
|---|---|---|---|
| 001 | 48016 | ||
| 005 | 20260407155746.0 | ||
| 008 | 260407a2018 arg spa d | ||
| 003 | AR-UNSa-BCEJYS | ||
| 040 |
_aAR-UNSa-BCEJYS _bspa _cAR-UNSa-BCEJYS |
||
| 080 |
_a657 _xContabilidad |
||
| 245 | 1 | 0 |
_aNormas contables para entes pequeños y entes medianos _panálisis y aplicación de la Resolución Técnica Nº 41 de la FACPCE, con las modificaciones introducidas por la Resolución Técnica Nº 42 |
| 020 | _a978-987-716-085-7 | ||
| 250 | _a2a. ed. | ||
| 264 | 1 |
_aBuenos Aires : _bOsmar D. Buyatti _c2018 |
|
| 300 |
_a377 p. _c22 cm. |
||
| 505 | _a1. El principio de devengado en la doctrina y las normas contables - 2. Aplicación del principio de devengado - 3. Alcances de las normas para EP - 4. Aplicación de la norma para EP en relación a la presentación de los estados contables - 5. Normas generales de medición aplicables por los EP - 6. Medición inicial de activos y pasivos - 7. Mediciones periódicas de activos monetarios - 8. Mediciones periódicas de bienes de cambio - 9. Mediciones periódicas de bienes de uso - 10. Mediciones periódicas de propiedades de inversión y otros activos no corrientes retirados para la venta, participaciones permanentes y activos intangibles - 11. Mediciones periódicas de pasivos cancelables en moneda - 12. Mediciones periódicas de pasivos en especie - 13. Patrimonio neto - 14. Resultado del ejercicio - 15. Resolución técnica 42 - 16. Información a exponer en caso de cambio de juego de normas contables a aplicar y adecuaciones necesarias a la RT 8 - | ||
| 041 | _aspa | ||
| 942 | _cBK | ||
| 590 | _aniveau_biblio:m niveau_hierar:0 | ||
| 100 | 1 | _aTorres, Carlos Federico | |
| 700 | 1 | _aSubelet, Carlos Javier | |
| 650 | _aRESOLUCIÓN TÉCNICA 41 RESOLUCIÓN TÉCNICA 42 | ||
| 856 | 4 | 1 |
_uhttps://www.biblioeco.unsa.edu.ar/pmb/images/libros/L127763.jpg _yImagen de portada _qimage/jpeg |
| 650 | _a resolucion tecnica 41 resolucion tecnica 42 | ||
| 999 |
_c4523 _d4523 |
||